01031nam a2200217 a 450000100100000000500170001000800410002702000180006804000250008608200140011124501800012524600890030526000390039430000230043356300710045650400300052750400280055771000990058595201120068499900170079600004196320240304103305.0131024s2009 dr 000 0 spa d a9789993499695 aDO-SdBNPbspacBNPHU axxxbxxxx00aPlan nacional de implementación del convenio de Estocolmo en la República Dominicana = National implementation plan for the Stockholm convention in the Dominican Republic.11aNational implementation plan for the Stockholm convention in the Dominican Republic. aSanto Domingo, :bSEMARENA,c2009. a177, 171 ;c28 cm. aDos obras paginación independiente en encuadernación invertida aBibliografía p: 173-177 aBibliography p: 168-1711 aRepública Dominicana.b Secretaría de Estado de Medio Ambiente y Recursos Naturales914503 0010718PDaPDbPDcCTd2013-10-24iLF1l0oxxx xxxxp41963-10r2020-06-25w2020-06-25yLFPDZNo se presta c41452d41452